BÜYÜK ATLAS (Record no. 762241)

MARC details
000 -LEADER
sabit uzunluktaki kontrol alanı 00222nam a2200097Ia 4500
001 - KONTROL NUMARASI
kontrol alanı 762241
005 - EN SON İŞLEMİN TARİH VE ZAMANI
kontrol alanı 20250826165222.0
008 - SABİT-UZUNLUKTA VERİ ÖĞELERİ--GENEL BİLGİ
sabit uzunluktaki kontrol alanı 250824s9999 xx 000 0 und d
245 #0 - ESER / YAZAR
ESER ADI BÜYÜK ATLAS
260 ## - YAYIN, DAĞITIM, VB.
YAYIN EVİ KARATAY YAYINLARI
Holdings
Düşüm durumu Kayıp durumu Hasar Durumu Ödünç verilmez Ana kütüphane Geçerli Kütüphane Edinilen tarih Toplam ödünç verme sayısı Barkod İade tarihi Son görüntüleme tarihi Son ödünç verme tarihi Fiyatın geçerli olmaya başladığı tarih Koha materyal türü
        ŞEHİT ABDULLAH TAYYİP OLÇOK İMAM HATİP ORTAOKULU ŞEHİT ABDULLAH TAYYİP OLÇOK İMAM HATİP ORTAOKULU 24.08.2025 1 10093554 15.10.2025 30.09.2025 30.09.2025 26.08.2025 Books